Подробности
| 000 -МАРКЕР |
| контрольное поле |
01998nam0a2200361 4500 |
| 001 - ИДЕНТИФИКАТОР ЗАПИСИ |
| контрольное поле |
RU\NLR\bibl\460135 |
| 005 - ИДЕНТИФИКАТОР ВЕРСИИ |
| контрольное поле |
20260405100627.0 |
| 010 ## - МЕЖДУНАРОДНЫЙ СТАНДАРТНЫЙ НОМЕР КНИГИ (ISBN) |
| Номер (ISBN) |
5-85859-173-6 |
| Тираж |
1000 |
| 021 ## - НОМЕР ГОСУДАРСТВЕННОЙ РЕГИСТРАЦИИ |
| Код страны |
Российская Федерация |
| Номер |
2003-47903 |
| Номер Листа государственной регистраци |
2302 |
| 035 ## - ДРУГИЕ СИСТЕМНЫЕ НОМЕРА |
| Идентификатор записи |
(NLR Aleph) 000453604 |
| 100 ## - ДАННЫЕ ОБЩЕЙ ОБРАБОТКИ |
| Данные общей обработки |
20031117d2003 |||y0rusy50 ca |
| 101 0# - ЯЗЫК РЕСУРСА |
| Язык текста, звукозаписи и т.д. |
русский |
| 102 ## - СТРАНА ПУБЛИКАЦИИ ИЛИ ПРОИЗВОДСТВА |
| Страна публикации |
Российская Федерация |
| 105 ## - ПОЛЕ КОДИРОВАННЫХ ДАННЫХ: ТЕКСТОВЫЕ МАТЕРИАЛЫ, МОНОГРАФИЧЕСКИЕ |
| Кодированные данные о монографическом текстовом документе |
ac ||||||||| |
| 200 1# - ЗАГЛАВИЕ И СВЕДЕНИЯ ОБ ОТВЕТСТВЕННОСТИ |
| Основное заглавие |
История казачества на Урале |
| Сведения, относящиеся к заглавию |
Учеб. пособие для казачьих кл., лицеев, кадет. шк. |
| Первые сведения об ответственности |
В.А. Иванов, С.М. Чугунов |
| Последующие сведения об ответственности |
М-во образования Рос. Федерации, Оренбург. гос. пед. ун-т |
| 210 ## - ПУБЛИКАЦИЯ, РАСПРОСТРАНЕНИЕ И ДР. |
| Место издания, распространения и т.д. |
Оренбург |
| Имя издателя, распространителя и т. д. |
Изд-во ОГПУ |
| Дата издания, распространения и т.д. |
2003 |
| 215 ## - ФИЗИЧЕСКАЯ ХАРАКТЕРИСТИКА |
| Специфическое обозначение материала и объем |
231 с. |
| Другие сведения о физической характеристике |
ил., портр. |
| Размеры |
21 |
| 320 ## - ПРИМЕЧАНИЯ О НАЛИЧИИ В ДОКУМЕНТЕ БИБЛИОГРАФИИ / УКАЗАТЕЛЯ |
| Текст примечания |
Библиогр.: с. 227 |
| 601 02 - НАИМЕНОВАНИЕ ОРГАНИЗАЦИИ КАК ПРЕДМЕТ |
| Начальный элемент ввода |
Уральское казачье войско |
| Формальный подзаголовок |
Руководства, пособия и т.п. для средней школы |
| Тематический подзаголовок |
История |
| Системный номер авторитетной/нормативной записи |
2308386 |
| Идентификатор авторитетной/нормативной записи |
RU\NLR\auth\661381652 |
| 601 02 - НАИМЕНОВАНИЕ ОРГАНИЗАЦИИ КАК ПРЕДМЕТ |
| Начальный элемент ввода |
Уральское казачье войско |
| Формальный подзаголовок |
Учебные издания для средней школы |
| Тематический подзаголовок |
История |
| Системный номер авторитетной/нормативной записи |
2308386 |
| Идентификатор авторитетной/нормативной записи |
RU\NLR\auth\661381652 |
| 606 0# - НАИМЕНОВАНИЕ ТЕМЫ КАК ПРЕДМЕТ |
| Наименование темы |
Уральское казачество |
| Формальный подзаголовок |
Руководства, пособия и т.п. для средней школы |
| Тематический подзаголовок |
История |
| Системный номер авторитетной/нормативной записи |
2300745 |
| Идентификатор авторитетной/нормативной записи |
RU\NLR\auth\661377473 |
| 606 0# - НАИМЕНОВАНИЕ ТЕМЫ КАК ПРЕДМЕТ |
| Наименование темы |
Уральское казачество |
| Формальный подзаголовок |
Учебные издания для средней школы |
| Тематический подзаголовок |
История |
| Системный номер авторитетной/нормативной записи |
2300745 |
| Идентификатор авторитетной/нормативной записи |
RU\NLR\auth\661377473 |
| 686 ## - ИНДЕКСЫ ДРУГИХ КЛАССИФИКАЦИЙ |
| Индекс |
Ц59,8(2)2-13я721 |
| 686 ## - ИНДЕКСЫ ДРУГИХ КЛАССИФИКАЦИЙ |
| Индекс |
Т3(2)0-294я721 |
| 700 #1 - ИМЯ ЛИЦА - ПЕРВИЧНАЯ ОТВЕТСТВЕННОСТЬ |
| Код отношения |
Автор |
| Графика поля |
Кириллица |
| Материалы, к которым относится поле |
rus |
| Начальный элемент ввода |
Иванов |
| Часть имени, кроме начального элемента ввода |
В. А. |
| Дополнения к именам, кроме дат |
д-р ист. наук |
| Даты |
1950- |
| Расширение инициалов личного имени |
Владимир Александрович |
| Системный номер авторитетной/нормативной записи |
19755 |
| Идентификатор авторитетной/нормативной записи |
RU\NLR\auth\7736766 |
| 701 #1 - ИМЯ ЛИЦА - АЛЬТЕРНАТИВНАЯ ОТВЕТСТВЕННОСТЬ |
| Начальный элемент ввода |
Чугунов |
| Часть имени, кроме начального элемента ввода |
С. М. |
| Расширение инициалов личного имени |
Сергей Михайлович |
| Код отношения |
Автор |
| 801 #0 - ИСТОЧНИК ЗАПИСИ |
| Страна |
Российская Федерация |
| Организация |
NLR |
| Дата составления |
20031117 |
| Правила каталогизации |
PSBO |
| 801 #1 - ИСТОЧНИК ЗАПИСИ |
| Страна |
Российская Федерация |
| Организация |
NLR |
| Дата составления |
20031117 |
| 942 ## - ДОПОЛНИТЕЛЬНЫЕ ЭЛЕМЕНТЫ ЗАПИСИ (АБИС) |
| Тип экземпляра АБИС |
Книга |
| 980 ## - КОЛЛЕКЦИЯ |
| Название коллекции |
Национальная библиография |
| 980 ## - КОЛЛЕКЦИЯ |
| Название коллекции |
НБР |